1765 1442 1530 1798 1994 1819 1118 1864 1144 1283 1411 1712 1253 1141 1558 1342 1890 1476 1619 1778 1161 1236 1887 1772 1786 1189 1630 1245 1433 1813 1384 1313 1939 1693 1063 1170 1067 1506 1506 1986 1331 1488 1076 1844 1121 1500 1812 1778 1603 1308 1942 1893 1885 1965 1676 1682 1125 1969 1905 1711 1469 1531 1023 1029 1780 1293 1816 1732 1583 1091 1646 1265 1945 1973 1045 1875 1893 1794 1714 1542 1161 1215 1020 1679 1643 1862 1544 1059 1361 1337 1715 1922 1616 1524 1539 1824 1901 1679 1987 BCNSPRNW ULIB Ver.6.0+V

เปลี่ยนเป็นภาษาไทย

Change to English
 แสดงรายละเอียดบรรณานุกรม
  กลับหน้าหลัก

Brief Record : Get Marc (ISO 2709) : E-mail record : QR code < ปิดหน้าต่าง
LEADER : 00000nam 2200000uu 4500
001    13399111770
003     ULIB
008    110627s2553||||th 000 0 tha d
020    9786165000437
090    นว.^bป964ป 2553
100 0  ไปรยา
245 00 ปีกมงกุฎ/^cไปรยา
250    พิมพ์ครั้งที่ 1
260    กรุงเทพฯ :^bพิมพ์คำ,^c2553
300    360 หน้า
945    ^p240^l0^i028086
995    ทศพร
999 ^a ใช้งานได้ทุกระบบ
รายการนี้ยังไม่มีแท็ก
คุณยังไม่ได้ล็อกอิน คุณสามารถมีกิจกรรมร่วมกับเว็บไซต์ได้ แต่ต้องล็อกอินก่อน ::
  ล็อกอิน

รายการสื่อสารสนเทศ

ลำดับที่ ประเภท เลขเรียก/บาร์โค้ด สถานที่ สถานะ
- ไม่พบข้อมูล -

BibComment


ยังไม่เคยถูกคอมเมนท์

คอมเมนท์ทรัพยากรรายการนี้
  คอมเมนท์: ปีกมงกุฎ ไปรยา


 Copyright 2026. Bcnsprnw @Library